| 000 | 00526nam a2200181 a 4500 | ||
|---|---|---|---|
| 001 | 2144 | ||
| 003 | CDMR | ||
| 005 | 20131024130024.0 | ||
| 008 | 130130s1957||||||||||||||||||||||||||||d | ||
| 040 |
_aCDMR _bcat _cCDMR |
||
| 100 | 1 |
_aSilvermann, Alphons _91598 |
|
| 245 | 1 | 3 |
_aLa música, la radio y el oyente _b: estudio sociológico _cAlphons Silbermann |
| 260 |
_aBuenos Aires _c1957 _bNueva visión |
||
| 300 |
_a210 p ; _c20 cm |
||
| 650 | 0 | 4 |
_94179 _aRàdio _xOients |
| 650 | 0 | 4 |
_92801 _aRàdio _xAspectes socials |
| 942 |
_cMON _2udc |
||
| 999 |
_c2144 _d2144 |
||